The Temple of Hope / (Record no. 203587)

MARC details
000 -LEADER
fixed length control field 00812 a2200193 4500
005 - DATE AND TIME OF LATEST TRANSACTION
control field 20240702145635.0
010 ## - LCCN (DPL NO)
LC control number B-759910-912 Children Purchase
020 ## - INTERNATIONAL STANDARD BOOK NUMBER
International Standard Book Number 9788195654215
Terms of availability 299.00
035 ## - SYSTEM CONTROL NUMBER
System control number B-759910-912
037 ## - SOURCE OF ACQUISITION
Source of stock number/acquisition Adroit Publishers
082 ## - DEWEY DECIMAL CLASSIFICATION NUMBER
Classification number N
100 ## - MAIN ENTRY--PERSONAL NAME
Personal name Muraleedharan, Vishnu
245 ## - TITLE STATEMENT
Title The Temple of Hope /
Statement of responsibility, etc Vishnu Muraleedharan
260 ## - PUBLICATION, DISTRIBUTION, ETC. (IMPRINT)
Place of publication, distribution, etc New Delhi
Name of publisher, distributor, etc Adroit Publishers
Date of publication, distribution, etc 2023
270 ## - ADDRESS
Address 4675/21, Ganpati Bhawan, Ansari Road , Darya Ganj,
City New Delhi
Postal code 110002
300 ## - PHYSICAL DESCRIPTION
Extent 300 p.
Dimensions 21 cm(Pb)
942 ## - ADDED ENTRY ELEMENTS (KOHA)
Institution code [OBSOLETE] dpl
Item type Children Books
Source of classification or shelving scheme Dewey Decimal Classification
Classification part N
Call number suffix MUR
Holdings
Withdrawn status Lost status Not for loan Collection code Home library Current library Date acquired Source of acquisition Cost, normal purchase price Full call number Barcode Copy number Cost, replacement price Koha item type
      Fiction Central Library Central Library 02/07/2024 Adroit Publishers/CH/ 514/14.6.24/185/7.6.24/18.6.24 299.00 N MUR B-759910 1 299.00 Children Books
      Fiction Patel Nagar Patel Nagar 02/07/2024 Adroit Publishers/CH/ 514/14.6.24/185/7.6.24/18.6.24 299.00 N MUR B-759911 1 299.00 Children Books
      Fiction Shahdara Branch Shahdara Branch 02/07/2024 Adroit Publishers/CH/ 514/14.6.24/185/7.6.24/18.6.24 299.00 N MUR B-759912 1 299.00 Children Books

© Delhi Public Library
Hit Counter
free hit counter